000 00229 a2200097 4500
001 40899
100 _aStierlin, Henri
245 _aCullural History of Arabs
260 _aGeneva
_bAgency Inter Edition
_c
090 _c25152
_d25152
942 _aNUST-CAE
_cM
_c16839
999 _c275972
_d275972